00490nam a2200181Ii 45000010005000000030009000050080041000140400033000550410008000880820016000961000019001122450022001312640062001533000012002153360026002273370028002533380027002813963CO-ViMGA241108s9999||||xx |||||||||||||| ||und|| aCO-ViMGAbspaerdacCO-ViMGA0 aunk04a371.332-U281 aAgustín Uhia10aAyudas educativas 1a[Lugar de publicación no identificado] : Voluntad, 1971 avolumen atextbtxt2rdacontent aunmediatedbn2rdamedia avolumebnc2rdacarrier